100 Biggest Cities in Texas - Statistics

General Stats
  • This quiz has been taken 35 times
  • The average score is 38 of 100
Answer Stats
Population Answer % Correct
961,855* Austin
100%
2,301,572* Houston
100%
1,304,379* Dallas
97%
678,815* El Paso
93%
918,915* Fort Worth
93%
1,434,625* San Antonio
93%
317,863* Corpus Christi
90%
257,141* Lubbock
86%
142,210 McAllen
83%
186,738* Brownsville
79%
255,205* Laredo
79%
200,393* Amarillo
72%
285,494 Plano
72%
394,266 Arlington
69%
200,509 Frisco
69%
138,486* Waco
69%
104,627 Allen
66%
132,524* Midland
66%
120,511 College Station
62%
53,695* Galveston
62%
256,684 Irving
62%
196,100 Grand Prairie
59%
114,428* Odessa
59%
246,018 Garland
55%
153,095 Killeen
55%
195,308* McKinney
55%
150,108 Mesquite
55%
115,282* Beaumont
52%
36,193 Texarkana
52%
105,995* Tyler
52%
102,316* Wichita Falls
52%
125,182* Abilene
48%
139,869* Denton
48%
90,403* New Braunfels
48%
67,553* San Marcos
48%
119,468 Round Rock
45%
125,828 Pearland
41%
111,026 Sugar Land
41%
133,434 Carrollton
38%
100,243* Edinburg
38%
81,638* Longview
38%
151,950 Pasadena
38%
114,392 League City
34%
111,822 Lewisville
34%
99,893* San Angelo
34%
82,073 Temple
34%
83,980* Bryan
31%
75,956 Flower Mound
31%
50,631 Grapevine
31%
119,469 Richardson
31%
114,436** The Woodlands
31%
89,956* Conroe
28%
67,176* Georgetown
28%
71,829 Harlingen
28%
65,191 Pflugerville
28%
79,715 Pharr
28%
77,595 Cedar Park
24%
41,275 Lancaster
24%
43,645* Sherman
24%
51,898 Texas City
24%
65,534* Victoria
24%
49,148 Cedar Hill
21%
61,032 Euless
21%
45,941* Huntsville
21%
45,697 Kyle
21%
85,778 Mission
21%
56,039 Port Arthur
21%
47,251* Rockwall
21%
35,294 San Juan
21%
44,534 The Colony
21%
83,701 Baytown
17%
49,928 Bedford
17%
47,641 Burleson
17%
42,983 Coppell
17%
56,145 DeSoto
17%
35,991 Farmers Branch
17%
40,413 Hurst
17%
45,776 Keller
17%
74,259 Missouri City
17%
69,917 North Richland Hills
17%
62,535 Rowlett
17%
62,559** Spring
17%
57,526 Wylie
17%
36,670 Copperas Cove
14%
40,706 Duncanville
14%
41,213 Friendswood
14%
46,073 Haltom City
14%
59,202 Leander
14%
72,602 Mansfield
14%
35,125 Midlothian
14%
42,002 Schertz
14%
41,140* Waxahachie
14%
88,174** Atascocita
10%
46,453 Little Elm
10%
35,217** Timberwood Park
10%
40,160 Weslaco
10%
45,688** Channelview
7%
35,124 La Porte
7%
36,914** Mission Bend
7%
38,282 Rosenberg
7%
No matching quizzes found
Score Distribution
Percent of People with Each Score
Percentile by Number Answered
Your Score History
You have not taken this quiz